000 00431nam a2200193Ia 4500
999 _c1476
_d1476
003 0100
008 130227s9999 xx 000 0 und d
040 _cARRUPELIB
050 _aDT2913.J41A397
100 _aAlhadeff, Victor
_931780
245 _a50 Golden Years 1931-1981
260 _bSephard
_aHarare
_c1981
300 _a75p.
300 _b 29cm.
650 _bJesus in Zimbabwe
_xHistory
_931781
942 _2lcc
_cMONOGRAPH